000 00507nam a2200181Ia 4500
008 131103s9999 xx 000 0 und d
040 _aLoreto College
041 _aEnglish
082 _a030/OXF
_bLCLIB/29707
245 4 _aThe physical world
_cEdited by Harry Judge
260 _aOxford
_bOxford University Press
_c1985
300 _aV.1
_b ill.
_c 24cm.
440 _aOxford illustrated encyclopedia
650 _aEncyclopedia
700 _aJudge, Harry; ed.
850 _aLCLIB/030/OXF
942 _cBK
999 _c23749
_d74228